<?xml version="1.0" encoding="UTF-8"?>
<record
    xmlns:xsi="http://www.w3.org/2001/XMLSchema-instance"
    xsi:schemaLocation="http://www.loc.gov/MARC21/slim http://www.loc.gov/standards/marcxml/schema/MARC21slim.xsd"
    xmlns="http://www.loc.gov/MARC21/slim">

  <leader>00783nam a22002177a 4500</leader>
  <controlfield tag="003">OSt</controlfield>
  <controlfield tag="005">20150408114204.0</controlfield>
  <controlfield tag="008">140113s    2009jo ||||| |||| 00| 0 ara d</controlfield>
  <datafield tag="020" ind1=" " ind2=" ">
    <subfield code="a">9789957701116</subfield>
  </datafield>
  <datafield tag="040" ind1=" " ind2=" ">
    <subfield code="a">ma-un</subfield>
  </datafield>
  <datafield tag="082" ind1=" " ind2=" ">
    <subfield code="2">21</subfield>
    <subfield code="a">658.4012</subfield>
    <subfield code="b">&#x638; &#x646; &#x62A;</subfield>
  </datafield>
  <datafield tag="245" ind1=" " ind2=" ">
    <subfield code="a">&#x62A;&#x646;&#x645;&#x64A;&#x629; &#x627;&#x644;&#x645;&#x648;&#x627;&#x631;&#x62F; &#x627;&#x644;&#x628;&#x634;&#x631;&#x64A;&#x629; /</subfield>
    <subfield code="c">&#x646;&#x639;&#x64A;&#x645; &#x625;&#x628;&#x631;&#x627;&#x647;&#x64A;&#x645; &#x627;&#x644;&#x638;&#x627;&#x647;&#x631;</subfield>
  </datafield>
  <datafield tag="250" ind1=" " ind2=" ">
    <subfield code="a">&#x637;. 1</subfield>
  </datafield>
  <datafield tag="260" ind1=" " ind2=" ">
    <subfield code="a">&#x625;&#x631;&#x628;&#x62F;&#x60C; &#x627;&#x644;&#x623;&#x631;&#x62F;&#x646; :</subfield>
    <subfield code="b">&#x639;&#x627;&#x644;&#x645; &#x627;&#x644;&#x643;&#x62A;&#x628; &#x627;&#x644;&#x62D;&#x62F;&#x64A;&#x62B; &#x644;&#x644;&#x646;&#x634;&#x631; &#x648;&#x627;&#x644;&#x62A;&#x648;&#x632;&#x64A;&#x639; &#x60C;</subfield>
    <subfield code="c">2009</subfield>
  </datafield>
  <datafield tag="300" ind1=" " ind2=" ">
    <subfield code="a"> 343&#x635; &#x61B;</subfield>
    <subfield code="c">24 &#x633;&#x645; .</subfield>
  </datafield>
  <datafield tag="100" ind1=" " ind2=" ">
    <subfield code="a">&#x627;&#x644;&#x638;&#x627;&#x647;&#x631;&#x60C; &#x646;&#x639;&#x64A;&#x645; &#x625;&#x628;&#x631;&#x627;&#x647;&#x64A;&#x645;</subfield>
  </datafield>
  <datafield tag="650" ind1=" " ind2=" ">
    <subfield code="a">&#x627;&#x644;&#x625;&#x62F;&#x627;&#x631;&#x629; &#x627;&#x644;&#x627;&#x633;&#x62A;&#x631;&#x627;&#x62A;&#x64A;&#x62C;&#x64A;&#x629;  </subfield>
    <subfield code="9">42288</subfield>
  </datafield>
  <datafield tag="650" ind1=" " ind2=" ">
    <subfield code="a">&#x625;&#x62F;&#x627;&#x631;&#x629; &#x627;&#x644;&#x623;&#x641;&#x631;&#x627;&#x62F;</subfield>
    <subfield code="x">&#x62A;&#x62E;&#x637;&#x64A;&#x637;</subfield>
    <subfield code="9">42289</subfield>
  </datafield>
  <datafield tag="650" ind1=" " ind2=" ">
    <subfield code="a">&#x627;&#x644;&#x642;&#x648;&#x649; &#x627;&#x644;&#x639;&#x627;&#x645;&#x644;&#x629; </subfield>
    <subfield code="x">&#x62A;&#x62E;&#x637;&#x64A;&#x637;</subfield>
    <subfield code="9">12983</subfield>
  </datafield>
  <datafield tag="942" ind1=" " ind2=" ">
    <subfield code="2">ddc</subfield>
    <subfield code="c">BOOK</subfield>
  </datafield>
  <datafield tag="999" ind1=" " ind2=" ">
    <subfield code="c">33237</subfield>
    <subfield code="d">267737</subfield>
  </datafield>
  <datafield tag="952" ind1=" " ind2=" ">
    <subfield code="1">0</subfield>
    <subfield code="2">2014-01-13</subfield>
    <subfield code="4">0</subfield>
    <subfield code="7">0</subfield>
    <subfield code="a">658.4012 &#x638; &#x646; &#x62A;</subfield>
    <subfield code="d">2014-01-13</subfield>
    <subfield code="h">CL</subfield>
    <subfield code="i">00602161</subfield>
    <subfield code="m">CL</subfield>
    <subfield code="q">2015-09-15</subfield>
    <subfield code="r">2016-03-06 00:00:00</subfield>
    <subfield code="t">BOOK</subfield>
    <subfield code="w">ddc</subfield>
    <subfield code="y">1</subfield>
  </datafield>
  <datafield tag="952" ind1=" " ind2=" ">
    <subfield code="1">0</subfield>
    <subfield code="2">2014-01-13</subfield>
    <subfield code="4">0</subfield>
    <subfield code="7">0</subfield>
    <subfield code="a">658.4012 &#x638; &#x646; &#x62A;</subfield>
    <subfield code="d">2014-01-13</subfield>
    <subfield code="h">CL</subfield>
    <subfield code="i">00602168</subfield>
    <subfield code="m">CL</subfield>
    <subfield code="r">2014-01-13 00:00:00</subfield>
    <subfield code="t">BOOK</subfield>
    <subfield code="w">ddc</subfield>
    <subfield code="y">0</subfield>
  </datafield>
  <datafield tag="952" ind1=" " ind2=" ">
    <subfield code="1">0</subfield>
    <subfield code="2">2014-01-13</subfield>
    <subfield code="4">0</subfield>
    <subfield code="7">0</subfield>
    <subfield code="a">658.4012 &#x638; &#x646; &#x62A;</subfield>
    <subfield code="d">2014-01-13</subfield>
    <subfield code="h">CL</subfield>
    <subfield code="i">00602169</subfield>
    <subfield code="m">CL</subfield>
    <subfield code="q">2025-04-22</subfield>
    <subfield code="r">2025-04-24 00:00:00</subfield>
    <subfield code="t">BOOK</subfield>
    <subfield code="w">ddc</subfield>
    <subfield code="y">3</subfield>
  </datafield>
  <datafield tag="952" ind1=" " ind2=" ">
    <subfield code="1">0</subfield>
    <subfield code="2">2014-01-13</subfield>
    <subfield code="4">0</subfield>
    <subfield code="7">0</subfield>
    <subfield code="a">658.4012 &#x638; &#x646; &#x62A;</subfield>
    <subfield code="d">2014-01-13</subfield>
    <subfield code="h">SZM</subfield>
    <subfield code="i">00602167</subfield>
    <subfield code="m">SZM</subfield>
    <subfield code="r">2014-01-13 00:00:00</subfield>
    <subfield code="t">BOOK</subfield>
    <subfield code="w">ddc</subfield>
    <subfield code="y">0</subfield>
  </datafield>
  <datafield tag="952" ind1=" " ind2=" ">
    <subfield code="1">0</subfield>
    <subfield code="2">2014-01-13</subfield>
    <subfield code="4">0</subfield>
    <subfield code="7">0</subfield>
    <subfield code="a">658.4012 &#x638; &#x646; &#x62A;</subfield>
    <subfield code="d">2014-01-13</subfield>
    <subfield code="h">SZM</subfield>
    <subfield code="i">00602170</subfield>
    <subfield code="m">SZM</subfield>
    <subfield code="r">2014-01-13 00:00:00</subfield>
    <subfield code="t">BOOK</subfield>
    <subfield code="w">ddc</subfield>
    <subfield code="y">0</subfield>
  </datafield>
  <datafield tag="952" ind1=" " ind2=" ">
    <subfield code="1">0</subfield>
    <subfield code="2">2014-01-13</subfield>
    <subfield code="4">0</subfield>
    <subfield code="7">0</subfield>
    <subfield code="a">658.4012 &#x638; &#x646; &#x62A;</subfield>
    <subfield code="d">2014-01-13</subfield>
    <subfield code="h">IC</subfield>
    <subfield code="i">00602165</subfield>
    <subfield code="m">IC</subfield>
    <subfield code="q">2019-09-19</subfield>
    <subfield code="r">2022-04-21 00:00:00</subfield>
    <subfield code="t">BOOK</subfield>
    <subfield code="w">ddc</subfield>
    <subfield code="y">2</subfield>
  </datafield>
  <datafield tag="952" ind1=" " ind2=" ">
    <subfield code="1">0</subfield>
    <subfield code="2">2014-01-13</subfield>
    <subfield code="4">0</subfield>
    <subfield code="7">0</subfield>
    <subfield code="a">658.4012 &#x638; &#x646; &#x62A;</subfield>
    <subfield code="d">2014-01-13</subfield>
    <subfield code="h">IC</subfield>
    <subfield code="i">00602166</subfield>
    <subfield code="m">IC</subfield>
    <subfield code="q">2016-09-20</subfield>
    <subfield code="r">2016-09-20 00:00:00</subfield>
    <subfield code="t">BOOK</subfield>
    <subfield code="w">ddc</subfield>
    <subfield code="y">1</subfield>
  </datafield>
  <datafield tag="952" ind1=" " ind2=" ">
    <subfield code="1">0</subfield>
    <subfield code="2">2014-01-13</subfield>
    <subfield code="4">0</subfield>
    <subfield code="7">0</subfield>
    <subfield code="a">658.4012 &#x638; &#x646; &#x62A;</subfield>
    <subfield code="d">2014-01-13</subfield>
    <subfield code="h">SRF</subfield>
    <subfield code="i">00602163</subfield>
    <subfield code="m">SRF</subfield>
    <subfield code="r">2014-01-13 00:00:00</subfield>
    <subfield code="t">BOOK</subfield>
    <subfield code="w">ddc</subfield>
    <subfield code="y">0</subfield>
  </datafield>
  <datafield tag="952" ind1=" " ind2=" ">
    <subfield code="1">0</subfield>
    <subfield code="2">2014-01-13</subfield>
    <subfield code="4">0</subfield>
    <subfield code="7">0</subfield>
    <subfield code="a">658.4012 &#x638; &#x646; &#x62A;</subfield>
    <subfield code="d">2014-01-13</subfield>
    <subfield code="h">SRF</subfield>
    <subfield code="i">00602164</subfield>
    <subfield code="m">SRF</subfield>
    <subfield code="r">2014-01-13 00:00:00</subfield>
    <subfield code="t">BOOK</subfield>
    <subfield code="w">ddc</subfield>
    <subfield code="y">0</subfield>
  </datafield>
  <datafield tag="952" ind1=" " ind2=" ">
    <subfield code="1">0</subfield>
    <subfield code="2">2014-01-13</subfield>
    <subfield code="4">0</subfield>
    <subfield code="7">0</subfield>
    <subfield code="a">658.4012 &#x638; &#x646; &#x62A;</subfield>
    <subfield code="d">2014-01-13</subfield>
    <subfield code="h">IC</subfield>
    <subfield code="i">00602162</subfield>
    <subfield code="m">IC</subfield>
    <subfield code="q">2016-03-31</subfield>
    <subfield code="r">2016-09-18 00:00:00</subfield>
    <subfield code="t">BOOK</subfield>
    <subfield code="w">ddc</subfield>
    <subfield code="y">1</subfield>
  </datafield>
</record>
